| 000 | 00000nam##2200000za#4500 |
| 001 | 9.648099 |
| 003 | CaOODSP |
| 005 | 20210927150316 |
| 007 | ta |
| 008 | 150407|2001||||xxc||||| f|0| 0 eng|d |
| 020 | |a0-662-30135-8 |
| 040 | |aCaOODSP|beng |
| 043 | |an-cn--- |
| 086 | 1 |aR2-148/2001E |
| 110 | 1 |aCanada. |bIndian and Northern Affairs Canada. |
| 245 | 10|aLearn about aboriginal names |
| 260 | |aOttawa - Ontario : |bIndian and Northern Affairs |c2000. |
| 300 | |a4p. : |bfigs. ; |c28 cm. |
| 563 | |aPamphlet |
| 590 | |a03-10|b2003-03-07 |
| 775 | 08|tLes prénoms autochtones de mes amis internautes |w(CaOODSP)9.681460 |
| 776 | 0#|tLearn about aboriginal names |w(CaOODSP)9.697901 |